000 00636nam a22001695i 4500
001 164842
003 ES-MaACL
005 20230906213022.0
008 050809s1839 fr | |||||||| ||fre d
040 _aCAM
_bspa
_cCAM
100 1 _aSauvan, Jeanne-Lucile.
_9132510
245 1 0 _aManuel pour les écoles primaires communales de jeunes filles /
_cpar Mlle Sauvan.
260 _aParis :
_bLouis Colas,
_c1839 (
_fImprimerie de Fain et Thunot)
300 _a403 p. ;
_c18 cm.
650 4 _aEscuelas-
_zFrancia.
_9136048
852 _aES-MaACL
_jD-442
_z-- Enc. hol. conservando la cub. original
_z-- En la cub. original consta la fecha 1840
999 _c164842
_d164842